• 首页
  • 本馆介绍
  • 公告通知
  • 最新文献
  • 馆藏检索
  • 电子资源
  • 读者导购
  • 参考咨询
  • 我的图书馆
  • 登录
  • 详细信息显示
  • 放入我的书架
  • 预约/预借图书
  • 作者相关作品
  • 分类相关作品
  • 丛书相关作品
  • 出版社相关作品

书目信息

  • 表格格式
  • 工作单格式
  • 卡片格式
题名:
大屠杀
    
 
作者: 袁海滨 著
分册:  
出版信息: 南宁   广西人民出版社  1996
页数: 459页
开本: 20cm
丛书名: 1949:中国历史大转折
单 册:
中图分类: K266.506
科图分类:
主题词: 第三次国内革命战争--史料 , 国民党统治区-第三次国内革命战争
电子资源:
ISBN: 7-219-03040-1
000 00729nam2 2200253 45
001 1238931063
005 20121013104949.60
010    @a7-219-03040-1@dCNY28.60
100    @a19960801d1996 em y0chiy0121 ea
101 0  @achi
102    @aCN@b450000
105    @ay z 000yd
200 10 @a大屠杀@ADA TU SHA@f袁海滨著@FYUAN HAI BIN ZHU
210    @a南宁@c广西人民出版社@d1996
215    @a459页@d20cm
225 2  @a1949:中国历史大转折@e丛书
300    @a版权页题名:1949:大屠杀
410  0 @120010@a1949:中国历史大转折
606    @a第三次国内革命战争@x史料
606    @a国民党统治区-第三次国内革命战争
690    @aK266.506
701  0 @a袁海滨@AYUAN HAI BIN@4著
801  0 @aCN@bTSSF@c19960801
905    @a10447@dK266.506@eJY46
    
    大屠杀/袁海滨著.-南宁:广西人民出版社,1996
    459页;20cm.-(1949:中国历史大转折:丛书)
    版权页题名:1949:大屠杀
    
    ISBN 7-219-03040-1:CNY28.60
    
●
相关链接 在E读中查询图书 在五车中查询图书 在当当中查询图书 在豆瓣中查询图书


正题名:大屠杀     索取号:K266.506/JY46         预约/预借

序号 登录号 条形码 馆藏地/架位号 状态 备注
1 7822544   278225449   学院路分馆/ [索取号:K266.506/JY46] 在馆    
2 7822545   278225458   学院路分馆/ [索取号:K266.506/JY46] 在馆    
唐山师范学院图书馆 欢迎您!
大连网信软件有限公司© 版权所有